[Event "Bhopal GM Open 2019"]
[Site "Bhopal"]
[Date "2019.12.28"]
[Round "10.17"]
[White "Deshmukh, Anup"]
[Black "Mithil Anande P"]
[Result "1-0"]
[WhiteElo "2168"]
[BlackElo "1632"]
[Annotator "ChessBase"]
[PlyCount "51"]
[EventDate "2019.12.21"]
[EventType "swiss"]
[EventCountry "IND"]
[SourceTitle "playchess.com"]
[Source "ChessBase"]
[SourceQuality "1"]
[TimeControl "5400+30"]

1. d4 {[%emt 0:00:00]} Nf6 {[%emt 0:00:00]} 2. c4 {[%emt 0:00:13]} Nc6 {[%emt 0:00:11]} 3. Nf3 {[%emt 0:02:30]} e6 {[%emt 0:01:17]} 4. a3 {[%emt 0:00:27]} d6 {[%emt 0:00:18]} 5. Nc3 {[%emt 0:00:11]} g6 {[%emt 0:00:29]} 6. h4 {[%emt 0:06:18]} Bg7 {[%emt 0:03:20]} 7. e4 {[%emt 0:04:19]} a6 {[%emt 0:06:07]} 8. Be2 {[%emt 0:00:23]} Bd7 {[%emt 0:00:47]} 9. Be3 {[%emt 0:01:42]} O-O {[%emt 0:00:49]} 10. Qd2 {[%emt 0:03:17]} Re8 {[%emt 0:00:11]} 11. Bh6 {[%emt 0:03:22]} Bh8 {[%emt 0:00:21]} 12. Bg5 {[%emt 0:00:20]} e5 {[%emt 0:03:00]} 13. dxe5 {[%emt 0:04:36]} dxe5 {[%emt 0:07:09]} 14. h5 {[%emt 0:06:12]} Nd4 {[%emt 0:08:30]} 15. hxg6 {[%emt 0:01:58]} fxg6 {[%emt 0:01:21]} 16. Nd5 {[%emt 0:03:34]} Nxf3+ {[%emt 0:01:10]} 17. gxf3 {[%emt 0:00:39]} Be6 {[%emt 0:03:50]} 18. Bxf6 {[%emt 0:00:50]} Bxf6 {[%emt 0:00:36]} 19. Qh6 {[%emt 0:00:11]} Bxd5 {[%emt 0:01:33]} 20. Qxh7+ {[%emt 0:00:22]} Kf8 {[%emt 0:00:05]} 21. cxd5 {[%emt 0:00:33]} Re7 {[%emt 0:05:10]} 22. Qxg6 {[%emt 0:00:38]} Rf7 {[%emt 0:00:44]} 23. d6 {[%emt 0:06:41]} Qxd6 {[%emt 0:01:45]} 24. Bc4 {[%emt 0:00:26]} Rg7 {[%emt 0:01:04]} 25. Rh8+ {[%emt 0:00:45]} Ke7 {[%emt 0:01:04]} 26. Rh7 {[%emt 0:00:04]} 1-0

[Event "Bhopal GM Open 2019"]
[Site "Bhopal"]
[Date "2019.12.28"]
[Round "10.18"]
[White "Gokhale Rishabh Chandrashekhar"]
[Black "Jay Kundaliya"]
[Result "0-1"]
[WhiteElo "1927"]
[BlackElo "2088"]
[Annotator "NA RC"]
[PlyCount "84"]
[EventDate "2019.12.21"]
[EventType "swiss"]
[EventCountry "IND"]
[SourceTitle "playchess.com"]
[Source "ChessBase"]
[SourceQuality "1"]
[TimeControl "5400+30"]

1. Nf3 {[%emt 0:00:00]} Nf6 {[%emt 0:01:21]} 2. d4 {[%emt 0:00:00]} g6 3. Bf4 {[%emt 0:01:29]} Bg7 {[%emt 0:00:57]} 4. e3 {[%emt 0:00:06]} d6 {[%emt 0:00:21]} 5. h3 {[%emt 0:00:16]} O-O {[%emt 0:00:10]} 6. Be2 {[%emt 0:00:05]} Nfd7 7. O-O e5 8. Bh2 Nc6 9. c4 f5 10. Nc3 h6 11. Rb1 g5 12. d5 Ne7 13. b4 a5 14. a3 axb4 15. axb4 Ng6 16. Nb5 e4 17. Nfd4 Nde5 18. Qc2 c6 19. Nc3 c5 20. bxc5 dxc5 21. Ne6 Bxe6 22. dxe6 Ra6 23. Rxb7 Rxe6 24. Rd1 Qa5 25. Kh1 Rf7 26. Rb5 Qa3 27. Rb8+ Kh7 28. Nb5 Qa6 29. Rbd8 Nc6 30. R8d6 Rxd6 31. Nxd6 Rf8 32. Bh5 Nb4 33. Qe2 Nd3 34. g4 Nge5 35. Nxf5 Qxc4 36. Bxe5 Bxe5 37. f3 Rd8 38. Rf1 Rb8 39. fxe4 Rb2 40. Qf3 Qc2 41. Bg6+ Kh8 42. Ng3 Qh2# 0-1

[Event "Bhopal GM Open 2019"]
[Site "Bhopal"]
[Date "2019.12.28"]
[Round "10.19"]
[White "Shiva Pavan Teja Sharma U"]
[Black "Jani Kushal R"]
[Result "1/2-1/2"]
[WhiteElo "2072"]
[BlackElo "1611"]
[Annotator "NA RC"]
[PlyCount "60"]
[EventDate "2019.12.21"]
[EventType "swiss"]
[EventCountry "IND"]
[SourceTitle "playchess.com"]
[Source "ChessBase"]
[SourceQuality "1"]
[TimeControl "5400+30"]

1. e4 {[%emt 0:00:00]} c5 {[%emt 0:00:00]} 2. Nf3 {[%emt 0:00:01]} d6 {[%emt 0:00:00]} 3. d4 {[%emt 0:00:29]} cxd4 {[%emt 0:00:00]} 4. Nxd4 {[%emt 0:00:05]} Nf6 {[%emt 0:00:00]} 5. Nc3 {[%emt 0:00:08]} a6 {[%emt 0:00:00]} 6. Be3 {[%emt 0:00:22]} e5 {[%emt 0:00:49]} 7. Nb3 {[%emt 0:00:29]} Be7 {[%emt 0:00:11]} 8. f3 {[%emt 0:00:11]} Be6 {[%emt 0:00:08]} 9. Qd2 {[%emt 0:00:15]} O-O {[%emt 0:00:09]} 10. O-O-O {[%emt 0:00:13]} b5 {[%emt 0:00:09]} 11. Kb1 {[%emt 0:00:19]} Nbd7 {[%emt 0:00:16]} 12. Qf2 {[%emt 0:01:57] B90: Sicilian Najdorf: Unusual White 6th moves, 6 Be3 Ng4 and 6 Be3 e5} (12. Bd3 Nb6 13. Qf2 Nc4 14. Bxc4 bxc4 15. Nc5 Qc7 16. Nxe6 fxe6 17. Qg3 Rab8 18. Qh3 Kf7 19. f4 Qa5 {1-0 (36) McShane,L (2615)-Chuchelov,V (2598) Germany 2010}) 12... b4 {[%emt 0:05:21]} 13. Nd5 {[%emt 0:03:23]} Bxd5 {[%emt 0:01:37]} 14. exd5 {[%emt 0:00:07]} a5 {[%emt 0:02:29]} 15. Bb5 {[%emt 0:09:11]} a4 {[%emt 0:03:07]} 16. Nd2 $146 {[%emt 0:00:42]} ({Better is Predecessor:} 16. Nc1 $15 Qa5 17. Bc6 Rac8 18. g4 Nc5 19. Nd3 Nfd7 {1-0 (43) Kakuk,S (2188)-Kovacs,R (2081) Hungary 2013}) 16... Nxd5 {[%emt 0:04:41]} 17. Nc4 {[%emt 0:10:49]} Nxe3 {[%emt 0:03:07]} 18. Qxe3 {[%emt 0:00:12]} Qc7 {[%emt 0:06:10]} 19. Bxd7 Qxc4 $17 {[%emt 0:00:19]} 20. Qd3 {[%emt 0:02:14]} Qxd3 {[%emt 0:04:08]} 21. Rxd3 {[%emt 0:00:06]} g6 {[%emt 0:00:19]} 22. Bc6 {[%emt 0:02:08]} Ra7 {[%emt 0:00:54]} 23. b3 {[%emt 0:04:06]} a3 {[%emt 0:01:15]} 24. Bd5 {[%emt 0:01:05]} Rc8 {[%emt 0:00:20]} 25. Re1 {[%emt 0:01:29]} Rac7 {[%emt 0:00:19]} 26. Re2 {[%emt 0:00:13]} Kg7 {[%emt 0:00:51]} 27. Rde3 {[%emt 0:01:10]} Rc5 {[%emt 0:00:58]} 28. Rd3 {[%emt 0:00:05]} f5 {[%emt 0:00:30]} 29. h3 {[%emt 0:01:01]} Rc3 {[%emt 0:00:29]} 30. Rxc3 {[%emt 0:00:27]} Rxc3 1/2-1/2